K programom záujmových útvarov

Bibliographic Details
Main Author: Filas, Jozef (Author)
Format: Article
Language:Slovak
Subjects:

MARC

LEADER 00000nab a2200000 a 4500
001 vtls000084700
003 SK-MaSNL
005 20260303214711.0
008 140301c1981 xo 0 slo
015 |a SNBRB19rr/mm-uuuuu 
035 |a CL0094802 
040 |a SNKBUCL  |b slo  |c SNKBUCL  |e AACR2 
041 0 |a slo 
044 |a xo  |c SK 
080 |a 37.03  |2 1981 
080 |a 37.02  |2 1981 
100 1 |a Filas, Jozef  |4 aut  |9 272591 
245 1 0 |a K programom záujmových útvarov  |c Jozef Filas 
650 0 7 |a žiaci  |2 snkbucl  |9 16621 
650 0 7 |a záujmová činnosť  |2 snkbucl  |9 3674 
655 7 |a články z novín a časopisov  |2 snkbucl  |9 267496 
773 0 |t Učiteľské noviny  |g Roč. 31, č. 3 (1981), s. 7 
850 |a Slovenská národná knižnica v Martine  |a MTA001 
852 |a SNK  |b KIS3GCP 
958 |a RK 
992 |a RBX 
999 |c 2218357  |d 2220287